000 01090nam a2200337 i 4500
003 EG-GICUC
005 20260121101742.0
008 260119s1993 uk ||||fr|||| 001 0 eng d
020 _a0-7923-2718-7
040 _aEG-GiCUC
_beng
_cEG-GiCUC
_dEG-GiCUC
_erda
041 _aeng
082 0 4 _221
_a341
_bAB . A
092 0 4 _221
099 _aLaw1 11 341 AB . A 1993
245 0 0 _aAfrican Yearbook Of International Law.
_nVolume I /
_cEdited By Abdulqawi A. Yusuf.
246 1 _a Annuaire Africain De Droit International
264 1 _aLondon :
_bMartinus Nijhoff Publishers,
_c1993.
300 _a341 pages,
_c24 cm
_billustrations,
336 _2rda content
_atext
337 _2rda media
_aComputer
338 _2rda carrier
_aOnline Resource
500 _aIncludes index.
546 _aText in English
650 1 4 _aInternational law
_2qrmak
_xAfrica
650 1 4 _aPublic international law
_2qrmak
651 1 _2qrmak
700 1 _a Abdulqawi A. Yusuf
_eeditor.
856 4 0 _uhttps://fll.law.cu.edu.eg/fulltext/bks/B11-06805.pdf
905 _a79
942 _2ddc
_cBK
_e21
_n0
999 _c57909
_d57909